| 000 | 00532nam a2200193Ia 4500 | ||
|---|---|---|---|
| 005 | 20250508150343.0 | ||
| 008 | 008 250505s9999 xx 000 0 eng d | ||
| 037 | _aTextual | ||
| 040 |
_aFEDL _beng _cFEDL |
||
| 041 |
_aeng _2eng |
||
| 084 |
_a155.5, KEM _qFEDL |
||
| 100 |
_aKempf Joseph G. _9756483 |
||
| 245 | 0 | _aHelping youth to grow | |
| 260 |
_aMilwaukee _bThe Bruce Publishing Company _c1941 |
||
| 300 | _axi,204p | ||
| 650 | _aChild psychology | ||
| 942 |
_cTEXL _h155.5, KEM |
||
| 999 |
_c1323156 _d1323156 |
||